Statistiken für Meistbesuchte Länder nach Kontinent

Klicken Sie hier um das Quiz zu spielen!

Allgemein

  • Dieses Quiz wurde 139 mal gespielt
  • Das Durchschnittsergebnis liegt bei 25 aus 30

Antwortstatistiken

KontinentJährliche TouristenLand% Korrekt
Ozeanien18.2MAustralien
97%
Asien62.9MChina
97%
Europa79.4MFrankreich
97%
Nordamerika38.3MMexiko
97%
Europa71.7MSpanien
97%
Nordamerika50.9MVereinigte Staaten
97%
Afrika13.0MÄgypten
96%
Südamerika6.4MBrasilien
96%
Europa28.5MDeutschland
96%
Nordamerika22.1MKanada
96%
Europa49.8MItalien
95%
Südamerika7.4MArgentinien
94%
Asien32.2MJapan
94%
Afrika12.9MMarokko
93%
Ozeanien9.9MNeuseeland
93%
Südamerika4.5MChile
91%
Asien39.8MThailand
89%
Südamerika4.2MKolumbien
88%
Südamerika5.2MPeru
88%
Europa30.7MVereinigtes Königreich
88%
Nordamerika4.3MKuba
82%
Afrika10.2MTunesien
82%
Ozeanien1.6MFidschi
76%
Afrika2.4MAlgerien
71%
Asien50.5MTürkei
66%
Ozeanien3.9MPapua-Neuguinea
61%
Nordamerika6.4MDominikanische Republik
59%
Asien26.1MMalaysia
45%
Ozeanien0.2MVanuatu
45%
Afrika2.3MSimbabwe
8%

Verteilung der Resultate

Perzentil nach korrekt beantworteten Fragen

Anzahl Personen mit jedem Resultat

Ihre Resultats-Entwicklung

Sie haben dieses Quiz noch nicht gespielt